<?xml version="1.0" encoding="UTF-8"?>
<record
    xmlns:xsi="http://www.w3.org/2001/XMLSchema-instance"
    xsi:schemaLocation="http://www.loc.gov/MARC21/slim http://www.loc.gov/standards/marcxml/schema/MARC21slim.xsd"
    xmlns="http://www.loc.gov/MARC21/slim">

  <leader>01359nam a2200229 a 4500</leader>
  <controlfield tag="001">BS0002834</controlfield>
  <controlfield tag="003">BR-BrBNA</controlfield>
  <controlfield tag="005">20231005154155.0</controlfield>
  <controlfield tag="008">230308b |||||||| |||| 00| 0 por d</controlfield>
  <datafield tag="040" ind1=" " ind2=" ">
    <subfield code="a">BR-BrBNA</subfield>
    <subfield code="b">por</subfield>
    <subfield code="c">Biblioteca Nacional de Agricultura</subfield>
  </datafield>
  <datafield tag="041" ind1=" " ind2=" ">
    <subfield code="a">por</subfield>
  </datafield>
  <datafield tag="072" ind1=" " ind2=" ">
    <subfield code="a">S86</subfield>
  </datafield>
  <datafield tag="090" ind1=" " ind2=" ">
    <subfield code="a">S86</subfield>
    <subfield code="b">BS0002834</subfield>
  </datafield>
  <datafield tag="100" ind1="1" ind2=" ">
    <subfield code="a">Rozsas, Jeanette.</subfield>
  </datafield>
  <datafield tag="245" ind1="1" ind2=" ">
    <subfield code="a">Morrer em Praga:</subfield>
    <subfield code="b">Uma tr&#xE1;gica h&#xED;storia de amor /</subfield>
  </datafield>
  <datafield tag="250" ind1="1" ind2=" ">
    <subfield code="a">1. ed.</subfield>
  </datafield>
  <datafield tag="260" ind1="3" ind2=" ">
    <subfield code="a">S&#xE3;o Paulo, SP: </subfield>
    <subfield code="b">Gera&#xE7;&#xE3;o Editorial, </subfield>
    <subfield code="c">2008. </subfield>
  </datafield>
  <datafield tag="300" ind1=" " ind2=" ">
    <subfield code="a">213 p.</subfield>
  </datafield>
  <datafield tag="520" ind1="3" ind2=" ">
    <subfield code="a">&#xC9; um livro diferente de tudo que vo&#xE7;&#xEA; j&#xE1; leu sobre relacionamentos entre homem e mulher. O autor, 50 anos, brasileiro, desajustado, vai viver na Europa e l&#xE1; conhece Lenka, 17anos, com quem faz um pacto de amor e morte, tal qual Romeu e Julieta. Mais s&#xF3; ela morre. Anos depois de ter cumprido sua pena por assassinato numa pris&#xE3;o de praga, na Tchecoslov&#xE1;quia, Jo&#xE3;o Batista decide revelar, sem censura, o que chama de uma verdadeira e chocante h&#xED;storia. Poucas vezes vo&#xE7;&#xEA; ter&#xE1; lido h&#xED;storias t&#xE3;o cruel e absurda. Aqui, n&#xE3;o h&#xE1; limite para o d&#xE9;lirio, a ang&#xFA;stia existencial e o desequilibrio. P&#xE1;gina por p&#xE1;gina de emo&#xE7;&#xE3;o em emo&#xE7;&#xE3;o, possivelmente com medo e revolta, vo&#xE7;&#xEA; n&#xE3;o consequir&#xE1; parar de ler at&#xE9; o final tr&#xE1;gico e arrepiante.</subfield>
  </datafield>
  <datafield tag="650" ind1=" " ind2=" ">
    <subfield code="a">LITERATURA BRASILEIRA</subfield>
  </datafield>
  <datafield tag="942" ind1=" " ind2=" ">
    <subfield code="c">BK</subfield>
    <subfield code="2">AGRIS</subfield>
  </datafield>
  <datafield tag="999" ind1=" " ind2=" ">
    <subfield code="c">7892</subfield>
    <subfield code="d">7892</subfield>
  </datafield>
  <datafield tag="952" ind1=" " ind2=" ">
    <subfield code="0">0</subfield>
    <subfield code="2">AGRIS</subfield>
    <subfield code="4">0</subfield>
    <subfield code="7">0</subfield>
    <subfield code="8">CULTURAL</subfield>
    <subfield code="a">41918</subfield>
    <subfield code="b">41918</subfield>
    <subfield code="l">0</subfield>
    <subfield code="o"> S86 BS0002834 </subfield>
    <subfield code="p">S86 BS0002834</subfield>
    <subfield code="r">2023-04-12</subfield>
    <subfield code="t">01</subfield>
    <subfield code="y">BK</subfield>
    <subfield code="1">0</subfield>
    <subfield code="d">2023-04-04</subfield>
    <subfield code="e">Doa&#xE7;&#xE3;o</subfield>
    <subfield code="f">S86</subfield>
  </datafield>
</record>
